| 000 | 00370nam a2200133Ia 4500 | ||
|---|---|---|---|
| 008 | 220217s9999||||xx |||||||||||||| ||und|| | ||
| 020 | _a81-7808-546-1 | ||
| 082 | _a005.13 BAS | ||
| 100 | _aBass, Len Clements, Paul | ||
| 245 | 0 | _aSoftware architecture and practice | |
| 260 |
_aPearson education asia _bDelhi _c2001 |
||
| 300 | _b295 | ||
| 650 | _aSOFTWARE DESIGN | ||
| 999 |
_c168064 _d168064 |
||